000 00711nam a2200229Ia 4500
003 OSt
005 20220923211616.0
006 a|||||r|||| 00| 0
007 ta
008 220922b |||||||| |||| 00| 0 san d
024 _a7,765
037 _cTextual
040 _aARTS
_cARTS
_bsan
041 _2san
_asan
082 _aLB:4x1,1, 152H6;L9
100 _aविभूतिभूषण, ले.
_9160994
245 0 _aमाधवनिदानम्
246 _aMādhavanidānam
260 _aकाशी
_b पण्डित पुस्तकालय
_c1979
942 _hLB:4x1,1, 152H6;L9
_cTEXL
_2CC
999 _c301378
_d301378